[Event "36th Open"]
[Site "Seville ESP"]
[Date "2011.01.13"]
[Round "7"]
[White "Spraggett,K"]
[Black "Bellia,F"]
[Result "1-0"]
[WhiteElo "2575"]
[BlackElo "2417"]

1.e4 e5 2.Nf3 Nc6 3.Bb5 a6 4.Ba4 Nf6 5.O-O Be7 6.Re1 b5 7.Bb3 d6 8.c3 O-O
9.h3 Bb7 10.d3 Na5 11.Bc2 c5 12.Nbd2 Re8 13.Nf1 Bf8 14.Bg5 h6 15.Bh4 Be7
16.Ne3 g6 17.b4 Nc6 18.a3 cxb4 19.axb4 Nh5 20.Bxe7 Nxe7 21.Ng4 Kg7 22.Qd2 Ng8
23.Bb3 Nhf6 24.Ne3 d5 25.exd5 Nxd5 26.Nxd5 Bxd5 27.Bxd5 Qxd5 28.Re3 Re6 29.Rae1 Rae8
30.Qc2 Nf6 31.c4 bxc4 32.dxc4 Qb7 33.Qb2 Rb8 34.Rb1 e4 35.Nd4 Rb6 36.Rb3 Qc8
37.c5 R6b7 38.Qc3 Kh7 39.Qc4 Rd7 40.Ra3 Kg8 41.c6 Rxd4 42.Qxd4 Qxc6 43.Rba1 Rb6
44.Ra5 h5 45.Rc5 Qe6 46.Qd8+ Ne8 47.Rc8 Kf8 48.Qd4 Qxc8 49.Qxb6 Qc3 50.Rd1 Qc2
51.Re1 Qd3 52.Ra1 Qc3 53.Rxa6 Nc7 54.Qd6+ Kg7 55.Rc6 Qa1+ 56.Kh2 Ne6 57.b5 Qb2
58.b6 Qxf2 59.Qe5+ Kh7 60.Rc8 Ng7 61.b7  1-0

[Event "3rd Chennai Open"]
[Site "Chennai IND"]
[Date "2011.01.19"]
[Round "3"]
[White "Negi,V"]
[Black "Kravtsiv,M"]
[Result "1/2-1/2"]
[WhiteElo "2078"]
[BlackElo "2566"]

1.e4 e5 2.Nf3 Nc6 3.Bb5 a6 4.Ba4 Nf6 5.O-O Be7 6.Re1 b5 7.Bb3 d6 8.c3 O-O
9.h3 Bb7 10.d4 Nd7 11.Nbd2 exd4 12.cxd4 Bf6 13.Nf1 Re8 14.Ng3 g6 15.a3 Na5
16.Ba2 c5 17.b4 cxb4 18.axb4 Nc4 19.Bxc4 bxc4 20.Bd2 Nf8 21.Bc3 Ne6 22.Qd2 h5
23.d5 Nf4 24.Rab1 Nd3 25.Re3 Rc8 26.Ne2 Rb8 27.Bxf6 Qxf6 28.Qc3 Qxc3 29.Nxc3 Ba8
30.b5 Bb7 31.b6 a5 32.Nd4 Rbc8 33.Ndb5 Red8 34.Na7 Ra8 35.Nc6 Rd7 36.Nb5 a4
37.Nc7 Rc8 38.Na5 Nc5 39.Nxc4 Ba6 40.Nxa6 Nxa6 41.Na5 Nc5 42.f3 Ra8 43.b7 Nxb7
44.Nxb7 Rb8 45.Ra3 Rbxb7 46.Rxb7 Rxb7 47.Rxa4 Kf8 48.h4 Ke7 49.Kh2 Rb2 50.Kg3 Rc2
51.Ra7+ Ke8 52.Ra1 Ke7 53.Rg1 Rd2 54.Kf4 f6 55.g3 Rd3 56.g4 hxg4 57.Rxg4 Kf7
58.Rg1 f5 59.exf5 gxf5 60.Kxf5 Rxf3+ 61.Kg4 Rd3 62.Rf1+ Kg7 63.Rf5 Rd4+ 64.Kg5 Rd1
65.h5 Rg1+ 66.Kf4 Rf1+ 67.Ke4 Re1+ 68.Kd4 Rd1+ 69.Kc4 Rc1+ 70.Kb5 Rc5+ 71.Kb6 Kh7
72.Kb7 Kg7 73.h6+ Kh7 74.Rh5 Rc4 75.Rf5  1/2-1/2

[Event "Marienbad Open"]
[Site "Marianske Lazne CZE"]
[Date "2011.01.19"]
[Round "6"]
[White "Dvirnyy,D"]
[Black "Fox,An"]
[Result "1-0"]
[WhiteElo "2480"]
[BlackElo "2115"]

1.e4 e5 2.Nf3 Nc6 3.Bb5 a6 4.Ba4 Nf6 5.O-O Be7 6.Re1 b5 7.Bb3 d6 8.c3 O-O
9.h3 Bb7 10.d4 Re8 11.Nbd2 Bf8 12.Bc2 g6 13.d5 Nb8 14.Nf1 Nbd7 15.b3 c6 16.c4 b4
17.Ng3 c5 18.Be3 h6 19.Qd2 Kh7 20.Rf1 Bg7 21.Ne1 Qe7 22.Nd3 a5 23.Rae1 Rf8
24.f4 exf4 25.Bxf4 Ne5 26.Nxe5 dxe5 27.Be3 Nd7 28.Ne2 Qd6 29.Nc1 Rac8 30.Rf3 Rc7
31.Ref1 f6 32.Qf2 Rf7 33.Nd3 Bc8 34.g4 Rf8 35.Bd1 Ba6 36.Kg2 a4 37.Bc2 a3
38.Rh1 Rh8 39.Kf1 Kg8 40.Ke1 Bc8 41.Bd1 Ba6 42.Be2 Bc8 43.Rg1 Bb7 44.Bf1 Bc8
45.h4 g5 46.Be2 Ba6 47.Rf1 Rc8 48.Rg3 Qe7 49.Rf3 Qd6 50.Bd1 Rc7 51.Rh3 Rc8
52.Rf3 Rc7 53.Kd2 Bb7 54.Be2 Ba6 55.Rh3 Qe7 56.Rhh1 Rc8 57.Rc1 Bb7 58.Rhd1 Ba6
59.Kc2 Qd6 60.Kb1 Qb6 61.Rf1 Bb7 62.hxg5 hxg5 63.Bxg5 Rf8 64.Be3 Rc8 65.g5  1-0

[Event "TCh-CZE 2010-11"]
[Site "Czech Rep CZE"]
[Date "2011.01.23"]
[Round "7.1"]
[White "Yemelin,V"]
[Black "Vitiugov,N"]
[Result "1/2-1/2"]
[WhiteElo "2572"]
[BlackElo "2709"]

1.e4 e5 2.Nf3 Nc6 3.Bb5 a6 4.Ba4 Nf6 5.O-O Be7 6.Re1 b5 7.Bb3 O-O 8.h3 d6
9.c3 Bb7 10.d4 Re8 11.Ng5 Rf8 12.Nf3 Re8 13.Nbd2 Bf8 14.a4 Na5 15.Bc2 b4
16.cxb4 Nc6 17.Nb3 Nxb4 18.Na5 Rb8 19.Bd2 Ba8 20.dxe5 dxe5 21.Nc4 Bc5 22.Rc1 Na2
23.Ra1 Nb4 24.Rc1 Na2 25.Ra1 Nb4  1/2-1/2

[Event "Moscow Open F Women"]
[Site "Moscow RUS"]
[Date "2011.01.31"]
[Round "3.7"]
[White "Nemcova,Kat"]
[Black "Ainutdinova,Y"]
[Result "1-0"]
[WhiteElo "2289"]
[BlackElo "2073"]

1.e4 e5 2.Nf3 Nc6 3.Bb5 a6 4.Ba4 Nf6 5.O-O Be7 6.Re1 b5 7.Bb3 d6 8.c3 O-O
9.h3 Bb7 10.d4 Re8 11.Nbd2 Bf8 12.a4 h6 13.Bc2 exd4 14.cxd4 Nb4 15.Bb1 c5
16.d5 Nd7 17.Ra3 c4 18.Nd4 Qf6 19.Nf5 Ne5 20.Rg3 Ned3 21.Nf3 Nxe1 22.Nxe1 Bc8
23.Nxh6+ Kh8 24.Rf3 Qe7 25.Nxf7+ Kg8 26.Ng5 Qe5 27.Rg3 Be7 28.Nef3 Qf6 29.Nd4 Nd3
30.Bxd3 Qxd4 31.Qh5 Bf5 32.Qf7+ Kh8 33.exf5 Bxg5 34.Rxg5 Re1+ 35.Kh2 Qe5+
36.f4  1-0

[Event "Moscow Open F Women"]
[Site "Moscow RUS"]
[Date "2011.02.01"]
[Round "4.16"]
[White "Daulyte,D"]
[Black "Ainutdinova,Y"]
[Result "1-0"]
[WhiteElo "2293"]
[BlackElo "2073"]

1.e4 e5 2.Nf3 Nc6 3.Bb5 a6 4.Ba4 Nf6 5.O-O Be7 6.Re1 b5 7.Bb3 d6 8.c3 O-O
9.h3 Bb7 10.d4 Re8 11.Nbd2 Bf8 12.a4 h6 13.d5 Ne7 14.Nh2 Ng6 15.Ndf1 c6 16.Ng4 c5
17.Ng3 Nxg4 18.hxg4 Be7 19.axb5 axb5 20.Rxa8 Bxa8 21.Nf5 Bg5 22.Bxg5 hxg5
23.c4 b4 24.Ba4 Rf8 25.g3 Ne7 26.Kg2 g6 27.Rh1 Nxf5 28.gxf5 Kg7 29.Qg4 Kf6
30.fxg6 fxg6 31.Rh7  1-0

[Event "75th ch-BUL Semi-Final"]
[Site "Plovdiv BUL"]
[Date "2011.02.11"]
[Round "7"]
[White "Vutov,M"]
[Black "Arnaudov,G"]
[Result "1/2-1/2"]
[WhiteElo "2341"]
[BlackElo "2489"]

1.e4 e5 2.Nf3 Nc6 3.Bb5 a6 4.Ba4 Nf6 5.O-O Be7 6.Re1 b5 7.Bb3 d6 8.c3 O-O
9.h3 Bb7 10.d4 Nd7 11.a3 Bf6 12.d5 Na5 13.Ba2 Nb6 14.b4 Nac4 15.a4 c6 16.a5 Nc8
17.dxc6 Bxc6 18.Na3 Nxa3 19.Bxa3 Ne7 20.c4 Ra7 21.Rc1 Ng6  1/2-1/2

[Event "ch-TUR"]
[Site "Kemer-Antalya TUR"]
[Date "2011.02.12"]
[Round "9"]
[White "Sari,Yasin"]
[Black "Erhan,E"]
[Result "1-0"]
[WhiteElo "1792"]
[BlackElo "1975"]

1.e4 e5 2.Nf3 Nc6 3.Bb5 a6 4.Ba4 Nf6 5.O-O b5 6.Bb3 Be7 7.Re1 O-O 8.h3 d6
9.c3 Bb7 10.d3 Na5 11.Bc2 c5 12.Nbd2 Re8 13.Nf1 Bf8 14.Bg5 h6 15.Bh4 g6 16.N3h2 c4
17.Qf3 g5 18.Bg3 d5 19.Ng4 Nxg4 20.Qxg4 d4 21.Rad1 Nc6 22.h4 Bg7 23.Nh2 Bc8
24.Qh5 Re6 25.hxg5 Qxg5 26.Qe2 cxd3 27.Rxd3 Rf6 28.Bb3 Rb8 29.cxd4 Nb4 30.Rdd1 Rg6
31.d5 a5 32.Nf3 Qe7 33.a3 Na6 34.Nh4 Rf6 35.Qh5 Rd6 36.f4 a4 37.fxe5 axb3
38.exd6 Qg5 39.Qxg5 hxg5 40.d7 Bxd7 41.Bxb8 Nxb8 42.Nf3 Bxb2 43.Rb1 Bxa3
44.Rxb3 Bc5+ 45.Kh1 Na6 46.e5 b4 47.Nxg5 Ba4 48.Rbb1 Be7 49.Ne4 Bc2 50.Ra1 Bd3
51.Rac1 Kg7 52.d6 Bh4 53.g3 Bd8 54.Rc8 Ba5 55.d7 b3 56.d8=Q Bxd8 57.Rxd8 Bxe4+
58.Rxe4  1-0

[Event "IV Open A"]
[Site "Gora Swietej Anny POL"]
[Date "2011.02.14"]
[Round "4.4"]
[White "Parol,P"]
[Black "Szuper,P"]
[Result "1/2-1/2"]
[WhiteElo "1860"]
[BlackElo "2174"]

1.e4 e5 2.Nf3 Nc6 3.Bb5 a6 4.Ba4 Nf6 5.O-O Be7 6.Re1 b5 7.Bb3 d6 8.c3 O-O
9.h3 Bb7 10.d3 Qd7 11.Nbd2 Rfe8 12.Nf1 Bf8 13.Bg5 Nh5 14.Ne3 h6 15.Nh2 g6
16.Bh4 Bg7 17.Nhg4 Na5 18.Bc2 c5 19.b4 cxb4 20.cxb4 Nc6 21.Nd5 Nd4 22.Nge3 Nxc2
23.Qxc2 Rac8 24.Qb3 Qe6 25.Rac1 Nf4 26.Rxc8 Bxc8 27.Qc2 Nxd5 28.Nxd5 Bb7
29.Nb6 g5 30.Bg3 Re7 31.Rc1 f5 32.f3 Kf7 33.a3 d5 34.Nc8 Bxc8 35.Qxc8 Qxc8
36.Rxc8 dxe4 37.dxe4 fxe4 38.fxe4 Rd7 39.Rc3 Rd4 40.Rc7+ Kf8 41.Rc8+ Ke7
42.Rc7+ Rd7 43.Rxd7+ Kxd7 44.Bf2 g4 45.h4 h5 46.Be3 g3 47.Bg5 Bf8 48.Bf6 Ke6
49.Bd8 a5 50.Bxa5 Be7 51.Bb6 Bxh4 52.Be3 Kf6 53.Kf1 Bg5 54.Bc5 Bc1 55.Ke2 Kg5
56.Kf3 h4 57.Be7+ Kh5 58.Bd6 Bb2 59.Bc5 Bxa3 60.Be7 Bb2 61.Bc5 Bc3 62.Be7 Bd2
63.Bd6 Be1 64.Be7 Bc3 65.Bc5 Bd2 66.Bd6 Bf4 67.Be7 Bg5 68.Bd6 Bf6 69.Bc5 Kg5
70.Be3+ Kh5 71.Bc5 Bh8 72.Be7 Bg7 73.Bc5 Bf6 74.Bd6 Kg5 75.Bc5 Kh5 76.Bd6 Kg5
77.Bc5 Bd8 78.Be3+ Kh5 79.Bc5 Kg5 80.Be3+ Kf6 81.Kg4 Ke6 82.Bc5 Bf6 83.Bf8 Kf7
84.Bc5 Ke6  1/2-1/2

[Event "9th TCh-IND w 2011"]
[Site "Kochi IND"]
[Date "2011.02.23"]
[Round "2"]
[White "Harini,S"]
[Black "Vijayalakshmi,S"]
[Result "0-1"]
[WhiteElo "2063"]
[BlackElo "2454"]

1.e4 e5 2.Nf3 Nc6 3.Bb5 a6 4.Ba4 Nf6 5.O-O Be7 6.Re1 b5 7.Bb3 O-O 8.c3 d6
9.h3 Bb7 10.d4 Re8 11.Nbd2 Bf8 12.d5 Ne7 13.Nf1 h6 14.c4 c6 15.dxc6 Bxc6
16.Ng3 Qc7 17.Qd3 Qb7 18.a4 Ng6 19.axb5 axb5 20.Rxa8 Rxa8 21.cxb5 Bxb5 22.Bc4 Bxc4
23.Qxc4 Rc8 24.Qd3 Nd7 25.h4 Nc5 26.Qd1 Qb5 27.Re3 Nf4 28.Rc3 Rb8 29.Ne1 Na4
30.Rc2 Ne6 31.Nf5 Qb4 32.f3 h5 33.Nd3 Qb7 34.Ne3 Qa7 35.Kh2 Nd4 36.Rc4 Nb6
37.Rc3 Be7 38.g3 Qd7 39.b4 Ra8 40.Ra3 Rc8 41.Bb2 g6 42.Rc3 Rb8 43.Rc1 Bf6
44.Bxd4 exd4 45.Nc2 Na4 46.Na3 Nc3 47.Qb3 Ra8 48.b5 Bd8 49.Nf4 Kg7 50.Nd5 Nxd5
51.exd5 Qf5 52.Rd1 Rxa3  0-1

[Event "Elitzur Winter GM"]
[Site "Petach Tikva ISR"]
[Date "2011.02.25"]
[Round "3"]
[White "Gruenfeld,Y"]
[Black "Gerzhoy,L"]
[Result "1/2-1/2"]
[WhiteElo "2472"]
[BlackElo "2497"]

1.e4 e5 2.Nf3 Nc6 3.Bb5 a6 4.Ba4 Nf6 5.O-O Be7 6.Re1 b5 7.Bb3 d6 8.c3 O-O
9.h3 Bb7 10.d4 Re8 11.Nbd2 Bf8 12.Bc2 Nb8 13.b3 Nbd7 14.Bb2 c5 15.dxe5 Nxe5
16.c4 Nfd7 17.a4 bxc4 18.Nxc4 Nxc4 19.bxc4 Ne5 20.Nxe5 dxe5 21.Qxd8 Raxd8
22.Bc3 Bc8 23.Red1 f6 24.Bd3 Be6 25.Rab1 Rd6 26.Ba5 Re7 27.Rb8 Red7 28.Bb6 Rxd3
29.Rxd3 Rxd3 30.Bxc5 Kf7 31.Rxf8+ Kg6 32.Rb8  1/2-1/2

[Event "5th Agzamov Mem"]
[Site "Tashkent UZB"]
[Date "2011.03.18"]
[Round "1"]
[White "Megaranto,S"]
[Black "Kholmatov,Y"]
[Result "1/2-1/2"]
[WhiteElo "2533"]
[BlackElo "2139"]

1.e4 e5 2.Nf3 Nc6 3.Bb5 a6 4.Ba4 Nf6 5.O-O b5 6.Bb3 Be7 7.Re1 d6 8.c3 O-O
9.h3 Bb7 10.d4 Re8 11.Nbd2 Bf8 12.d5 Nb8 13.Nf1 Nbd7 14.N3h2 Nc5 15.Bc2 c6
16.b4 Ncd7 17.dxc6 Bxc6 18.Bg5 h6 19.Bxf6 Nxf6 20.Ng4 Nxg4 21.hxg4 Qd7 22.Qe2 a5
23.Qd3 Rec8 24.Ne3 axb4 25.cxb4 Qa7 26.Bb3 g6 27.Bd5 Qd4 28.Qb3 Ra7 29.Red1 Bxd5
30.Nxd5 Qc4 31.Qxc4 Rxc4 32.a4 bxa4 33.b5 Rb7 34.b6 Be7 35.Rdc1 Rxc1+ 36.Rxc1 a3
37.Rc8+ Kg7 38.Ra8 a2 39.Rxa2 Bd8 40.Ra7 Rxb6 41.Nxb6 Bxb6 42.Rb7 Bc5 43.Kf1 Kf6
44.Ke2 Ke6 45.f3 h5 46.Kd3 Bf2 47.Kc4 Bc5 48.Kb5 f5 49.Kc6 fxe4 50.fxe4 Kf6
51.Kd5 Kg5 52.Rg7 Kf6 53.Rg8 Kf7  1/2-1/2

[Event "Caissa GM March 2011"]
[Site "Kecskemet HUN"]
[Date "2011.03.23"]
[Round "6.4"]
[White "Ilincic,Z"]
[Black "Sax,G"]
[Result "1/2-1/2"]
[WhiteElo "2471"]
[BlackElo "2525"]

1.e4 e5 2.Nf3 Nc6 3.Bb5 a6 4.Ba4 Nf6 5.O-O Be7 6.Re1 b5 7.Bb3 d6 8.c3 O-O
9.h3 Bb7 10.d4 Re8 11.d5 Nb8 12.a4 h6 13.axb5 axb5 14.Rxa8 Bxa8 15.Na3  1/2-1/2

[Event "ch-CHN w 2011"]
[Site "Xinghua Jiangsu CHN"]
[Date "2011.03.31"]
[Round "2"]
[White "Wang Jue"]
[Black "Zhao Xue"]
[Result "1/2-1/2"]
[WhiteElo "2275"]
[BlackElo "2495"]

1.e4 e5 2.Nf3 Nc6 3.Bb5 a6 4.Ba4 Nf6 5.O-O Be7 6.Re1 b5 7.Bb3 d6 8.c3 O-O
9.h3 Bb7 10.d4 Re8 11.Nbd2 Bf8 12.a3 h6 13.Ba2 Qd7 14.b4 a5 15.d5 Ne7 16.Nb3 axb4
17.cxb4 Rab8 18.Na5 Ba8 19.Bb2 c6 20.dxc6 Nxc6 21.Nb3 Qa7 22.Nbd2 Be7 23.Nf1 Bd8
24.Ng3 Bb6 25.Qd2 Rbd8 26.Re2 d5 27.exd5 Nxd5 28.Bxd5 Rxd5 29.Qxd5 Nd4 30.Rxe5 Nxf3+
31.Qxf3 Rxe5 32.Qf4 Re6 33.Nf5 Rg6 34.Nh4 Qb7 35.Kf1 Rg5 36.Re1 Qc8 37.Rc1 Qd8
38.Re1 Bc6 39.Bc1 Ba7 40.Be3 Bb8 41.Qd4 Rd5 42.Qb6 Qxb6 43.Bxb6 g5 44.Nf3 Bd6
45.Rc1 Bd7 46.Ke2 f6 47.Bc7 Be7 48.Bb6 Kf7 49.Bc5 Bd8 50.Bd4 h5 51.Be3 Rd6
52.h4 g4 53.Nd4 Bb6 54.Nb3 Be6 55.Bxb6  1/2-1/2

[Event "Karposh Open"]
[Site "Skopje MKD"]
[Date "2011.04.07"]
[Round "7"]
[White "Petrovski,I"]
[Black "Arnaudov,G"]
[Result "1-0"]
[WhiteElo "2177"]
[BlackElo "2453"]

1.e4 e5 2.Nf3 Nc6 3.Bb5 a6 4.Ba4 Nf6 5.O-O Be7 6.Re1 b5 7.Bb3 d6 8.c3 O-O
9.h3 Bb7 10.d4 Nd7 11.Nbd2 exd4 12.cxd4 Bf6 13.Nf1 Re8 14.N1h2 Na5 15.Bc2 h5
16.Rb1 c5 17.d5 Nc4 18.b3 Ncb6 19.Nd2 g6 20.f4 Rc8 21.a4 c4 22.bxc4 Nxc4
23.Nxc4 Rxc4 24.axb5 Nc5 25.Nf3 Nxe4 26.Bxe4 Rexe4 27.Rxe4 Rxe4 28.Qd3 Ra4
29.Bd2 Qa8 30.f5 Kh7 31.fxg6+ fxg6 32.Rc1 Qd8 33.Qc2 Qb6+ 34.Kh2 Bxd5 35.Qxa4 Bxf3
36.bxa6 Qf2 37.Rc7+ Bg7 38.Rxg7+ Kxg7 39.Qd7+ Kf6 40.Qxd6+ Kf5 41.Qf4+ Ke6
42.Qxf3 Qxd2 43.a7 Qd6+ 44.g3 Qa6  1-0

[Event "FSGM April"]
[Site "Budapest HUN"]
[Date "2011.04.10"]
[Round "9"]
[White "Antipov,M2"]
[Black "Tesik,C"]
[Result "1-0"]
[WhiteElo "2379"]
[BlackElo "2299"]

1.e4 e5 2.Nf3 Nc6 3.Bb5 a6 4.Ba4 Nf6 5.O-O Be7 6.Re1 b5 7.Bb3 O-O 8.c3 d6
9.h3 Bb7 10.d4 Re8 11.Nbd2 Bf8 12.d5 Nb8 13.Nf1 Nbd7 14.Ng3 Nc5 15.Bc2 c6
16.b4 Ncd7 17.dxc6 Bxc6 18.Nf5 Nb6 19.Bg5 h6 20.Bxf6 Qxf6 21.Ne3 Rad8 22.Qd3 g6
23.Bb3 Rc8 24.Nd2 Red8 25.Rac1 Rd7 26.c4 Rdc7 27.Qb1 Qf4 28.g3 Qf6 29.cxb5 axb5
30.Qd3 Qd8 31.Rxc6 Rxc6 32.Qxb5 Rc1 33.Rxc1 Rxc1+ 34.Kg2 h5 35.Nd5 Nxd5 36.Qxd5 Qf6
37.Nf3 Bh6 38.a4 g5 39.a5 Ra1 40.Nh2 Rb1 41.Qc4 g4 42.hxg4 h4 43.gxh4 Rb2
44.Nf3 Qf4 45.Qc8+ Kg7 46.g5 Bxg5 47.Bxf7 Rxf2+ 48.Kxf2 Bxh4+ 49.Ke2 Qxe4+
50.Kd2 Qxf3 51.Qg8+ Kf6 52.Qg6+ Ke7 53.Qe6+ Kf8 54.Qe8+ Kg7 55.Qg8+ Kf6 56.Bd5 Bg5+  1-0

[Event "TCh-HUN 2010-11"]
[Site "Budapest HUN"]
[Date "2011.04.17"]
[Round "9"]
[White "Lorand,N"]
[Black "Varga,P1"]
[Result "1/2-1/2"]
[WhiteElo "2369"]
[BlackElo "2411"]

1.e4 e5 2.Nf3 Nc6 3.Bb5 a6 4.Ba4 Nf6 5.O-O b5 6.Bb3 Be7 7.Re1 d6 8.c3 O-O
9.h3 Bb7 10.d4 Na5 11.Bc2 Nc4 12.Nbd2 Nxd2 13.Bxd2 Nd7 14.a4 c5 15.Qe2 Qb6
16.Be3 bxa4 17.Bxa4 Bc6 18.dxc5 dxc5 19.Qc4 Bxa4 20.Qxa4 Qc7 21.Nd2 Nb6 22.Qa5 Qc6
23.b4 Rfc8 24.Reb1 Nd7 25.Qa4 Qxa4 26.Rxa4 cxb4 27.cxb4 Kf8 28.Rba1 Rab8
29.Rxa6 Rxb4 30.Ra8 Rxa8 31.Rxa8+  1/2-1/2

[Event "Doeberl Cup Premier"]
[Site "Canberra AUS"]
[Date "2011.04.21"]
[Round "2.29"]
[White "Yu,Sal"]
[Black "Milligan,H"]
[Result "1-0"]
[WhiteElo "1914"]
[BlackElo "2023"]

1.e4 e5 2.Nf3 Nc6 3.Bb5 a6 4.Ba4 Nf6 5.O-O Be7 6.Re1 b5 7.Bb3 d6 8.c3 O-O
9.h3 Bb7 10.d4 Re8 11.Nbd2 Bf8 12.Bc2 h6 13.d5 Nb8 14.Nf1 c6 15.dxc6 Bxc6
16.Ng3 Nbd7 17.Nh2 Qc7 18.Ng4 Rad8 19.Nf5 d5 20.exd5 Bxd5 21.a4 Qc6 22.Kh2 b4
23.Qd3 Nxg4+ 24.hxg4 Nf6 25.Qh3 Qc4 26.Ne3 Qc8 27.Nxd5 Rxd5 28.Bf5 Qd8 29.g5 Nh7
30.gxh6 g6 31.Be4 Rd1 32.Be3 Rxa1 33.Rxa1 Qc7 34.Qg3 Rc8 35.cxb4 Bxb4 36.Rc1 Qb8
37.Rxc8+ Qxc8 38.Bxg6  1-0

[Event "Easter Open"]
[Site "Norrkoping SWE"]
[Date "2011.04.22"]
[Round "2"]
[White "Carlsson,P"]
[Black "Sandquist,Hans"]
[Result "1-0"]
[WhiteElo "2496"]
[BlackElo "2107"]

1.e4 e5 2.Nf3 Nc6 3.Bb5 a6 4.Ba4 Nf6 5.O-O Be7 6.Re1 b5 7.Bb3 d6 8.c3 O-O
9.h3 Bb7 10.d4 Re8 11.Nbd2 Bf8 12.d5 Nb8 13.Nf1 Nbd7 14.N3h2 Nc5 15.Bc2 c6
16.b4 Ncd7 17.dxc6 Bxc6 18.Bg5 Qc7 19.Bxf6 Nxf6 20.Ng4 Nxg4 21.hxg4 Bd7 22.Re3 Be6
23.Bb3 Bxb3 24.axb3 a5 25.Qd5 a4 26.Rf3 Ra7 27.Qxb5 Rb8 28.Qd5 a3 29.Ra2 Rb6
30.Nd2 Qd7 31.Nc4 Rb5 32.Qd3 Rb8 33.Rg3 Be7 34.g5 Qd8 35.Qe3 Rba8 36.Nb6 Rb8
37.Nd5 Raa8 38.Qc1 Rb7 39.Rxa3 Rxa3 40.Qxa3 Rb8 41.Qa7 Bf8 42.Nf6+ gxf6 43.gxf6+ Kh8
44.Qxf7 Bh6 45.Rg7 Qg8 46.Rxg8+ Rxg8 47.b5 Rg6 48.b6 Bg5 49.Qe8+ Rg8 50.f7  1-0

[Event "ch-Americas Continental"]
[Site "Toluca MEX"]
[Date "2011.04.22"]
[Round "5"]
[White "Friedel,J"]
[Black "De la Paz Perdomo,F"]
[Result "1/2-1/2"]
[WhiteElo "2529"]
[BlackElo "2473"]

1.e4 e5 2.Nf3 Nc6 3.Bb5 a6 4.Ba4 Nf6 5.O-O Be7 6.Re1 b5 7.Bb3 O-O 8.h3 d6
9.c3 Bb7 10.d4 Re8 11.Nbd2 Bf8 12.d5 Ne7 13.Nf1 g6 14.N3h2 Bg7 15.Ng4 Rf8
16.Qf3 Nxg4 17.hxg4 f5 18.exf5 gxf5 19.Bg5 Qd7 20.Bxe7 fxg4 21.Qe2 Qxe7 22.Qxg4 Bc8
23.Qe2 Qh4 24.Bc2 Rf6 25.Be4 Bg4 26.f3 Bd7 27.g3 Qg5 28.Qd2 Qh5 29.Qh2 Qf7
30.Qxh7+ Kf8 31.Qh2 Ke7 32.Qd2 Rf8 33.Qd3 Qh5 34.Re2 Rxf3 35.Bxf3 Rxf3 36.Qe4 Rf6
37.Rh2 Qf7 38.Ne3 Bh6 39.Re1 Kd8 40.b3 Qg7 41.Qh4 Kc8 42.Ree2 Kb7 43.Nf1 Rg6
44.Ref2 Bf4 45.Rfg2 Bh6 46.Rf2 Bf4 47.Rfg2 Bh6 48.Rf2  1/2-1/2

[Event "1st CHN-w Masters"]
[Site "Jiangsu Wuxi CHN"]
[Date "2011.04.24"]
[Round "8"]
[White "Zhang Xiaowen"]
[Black "Zhao Xue"]
[Result "1-0"]
[WhiteElo "2344"]
[BlackElo "2495"]

1.e4 e5 2.Nf3 Nc6 3.Bb5 a6 4.Ba4 Nf6 5.O-O Be7 6.Re1 b5 7.Bb3 d6 8.c3 O-O
9.h3 Bb7 10.d3 Na5 11.Bc2 c5 12.Nbd2 Re8 13.Nf1 Bf8 14.Bg5 h6 15.Bh4 Be7
16.Ne3 g6 17.Nh2 Rc8 18.Qf3 Nh7 19.Nhg4 Kg7 20.Nxh6 Kxh6 21.Qxf7 Bxh4 22.Ng4+ Kg5
23.Qg7  1-0

[Event "2nd SP Masters Blitz"]
[Site "Sao Paulo BRA"]
[Date "2011.05.10"]
[Round "3.3"]
[White "Fier,A"]
[Black "Vescovi,G"]
[Result "1-0"]
[WhiteElo "2560"]
[BlackElo "2634"]

1.e4 e5 2.Nf3 Nc6 3.Bb5 a6 4.Ba4 Nf6 5.O-O Be7 6.Re1 b5 7.Bb3 d6 8.c3 O-O
9.h3 Bb7 10.d4 Re8 11.Nbd2 h6 12.a4 Bf8 13.Bc2 g6 14.d5 Nb8 15.Bd3 bxa4 16.Rxa4 c6
17.c4 Nbd7 18.Nb3 Qc7 19.Be3 Nb6 20.Ra1 a5 21.dxc6 Bxc6 22.Nxa5 Bxe4 23.Bf1 Nbd7
24.b4 d5 25.c5 d4 26.Bd2 Bd5 27.Qc1 Bxf3 28.gxf3 Nd5 29.Bc4 N7f6 30.Qc2 Kg7
31.Kg2 Red8 32.Qc1 Kh7 33.Nb3 Rxa1 34.Qxa1 Nh5 35.Qa6 Nhf4+ 36.Bxf4 Nxf4+
37.Kh2 Rb8 38.b5 d3 39.Qf6 Qc8 40.Qh4 Bxc5 41.Nxc5 Qxc5 42.Bxf7 Rxb5 43.Rf1 Rb2
44.Kg1 Kg7 45.Be8 g5 46.Qg4 Kf6 47.Qd7 Qe7 48.Qc6+ Qe6 49.Qc5 Qxh3 50.Qf8+ Ke6
51.Qf7+  1-0

[Event "ch-Euro Indiv Women"]
[Site "Tbilisi GEO"]
[Date "2011.05.15"]
[Round "8"]
[White "Jalaghonia,Nino"]
[Black "Motycakova,M"]
[Result "1/2-1/2"]
[WhiteElo "1562"]
[BlackElo "2107"]

1.e4 e5 2.Nf3 Nc6 3.Bb5 a6 4.Ba4 Nf6 5.O-O Be7 6.Re1 b5 7.Bb3 d6 8.c3 O-O
9.h3 Bb7 10.d4 Re8 11.Nbd2 Bf8 12.Ng5 Re7 13.Ndf3 Qe8 14.Nxf7 Rxf7 15.Ng5 Nd8
16.Nxf7 Nxf7 17.d5 Nh8 18.Bg5 Qg6 19.Bd2 Be7 20.a4 Rf8 21.Qe2 Bc8 22.Qd3 Nh5
23.axb5 axb5 24.Ra7 Bh4 25.Rf1 Bg5 26.Bd1 Bxd2 27.Bxh5 Qxh5 28.Qxd2 Ng6 29.f3 Nf4
30.Rxc7 h6 31.Ra1 Bxh3 32.Raa7 Qg5 33.Rxg7+ Qxg7 34.Rxg7+ Kxg7 35.gxh3 Nxh3+
36.Kg2 Nf4+ 37.Kf1 h5 38.Qh2 Rf6 39.Qh4 Kf7 40.Qg5 Rg6 41.Qf5+ Ke7 42.Qc8 h4
43.Qc7+ Ke8 44.Qc8+ Ke7 45.Qc7+ Ke8 46.Qc8+ Ke7 47.Qc7+  1/2-1/2

[Event "Zonal 3.3 Women"]
[Site "Tagaytay City PHI"]
[Date "2011.05.24"]
[Round "1"]
[White "Dewi,A"]
[Black "Tuvshintugs,B"]
[Result "1-0"]
[WhiteElo "1994"]
[BlackElo "2313"]

1.e4 e5 2.Nf3 Nc6 3.Bb5 a6 4.Ba4 Nf6 5.O-O Be7 6.Re1 b5 7.Bb3 d6 8.c3 O-O
9.h3 Bb7 10.d4 Na5 11.Bc2 Nc4 12.b3 Nb6 13.Nbd2 Nfd7 14.Bb2 c5 15.a4 Qc7
16.a5 Nc8 17.d5 f5 18.exf5 Bxd5 19.c4 Bc6 20.Nf1 Qb7 21.Rb1 Bd8 22.Qd2 Rb8
23.N1h2 Nf6 24.Ng5 Re8 25.f3 Qc7 26.cxb5 axb5 27.Ra1 Bd7 28.Ng4 Ne7 29.Nxe5 Bxf5
30.Nef7 Bxc2 31.Qxc2 Ng6 32.Rxe8+ Nxe8 33.Qe4 Bxg5 34.Nxg5 h6 35.Qe6+ Kh8
36.Qxg6 hxg5 37.Re1 Qd8 38.Rxe8+  1-0

[Event "XX Guillermo Garcia Mem Talents"]
[Site "Santa Clara CUB"]
[Date "2011.05.26"]
[Round "4.3"]
[White "Ramos,L"]
[Black "Ochoa de la Rosa,M"]
[Result "0-1"]
[WhiteElo "2158"]
[BlackElo "2149"]

1.e4 e5 2.Nf3 Nc6 3.Bb5 a6 4.Ba4 Nf6 5.O-O Be7 6.Re1 b5 7.Bb3 d6 8.c3 O-O
9.h3 Bb7 10.d4 Re8 11.Nbd2 Bf8 12.d5 Nb8 13.Nf1 Nbd7 14.N3h2 Nc5 15.Bc2 c6
16.b4 Ncd7 17.dxc6 Bxc6 18.Bg5 Qc7 19.Bxf6 Nxf6 20.Ng4 Nxg4 21.Qxg4 d5 22.Rec1 g6
23.Ng3 Bg7 24.Bb3 Rad8 25.Rd1 Qb7 26.Qh4 d4 27.Rac1 Rd6 28.Rd2 h5 29.Qg5 Kh7
30.Nxh5 gxh5 31.Qxh5+ Kg8 32.Rd3 Bxe4 33.Rg3 Kf8 34.cxd4 Bg6 35.Qg5 exd4
36.Qc5 Qb6 37.Qg5 d3 38.Rc5 d2 39.Bd1 Qd8 40.Qf4 Re1+ 41.Kh2 Rxd1 42.Re3 Rc1  0-1

[Event "XX Guillermo Garcia Mem Elite"]
[Site "Santa Clara CUB"]
[Date "2011.05.27"]
[Round "6.2"]
[White "Fernandez Cardoso,A"]
[Black "Espinosa Veloz,E"]
[Result "1/2-1/2"]
[WhiteElo "2473"]
[BlackElo "2467"]

1.e4 e5 2.Nf3 Nc6 3.Bb5 a6 4.Ba4 Nf6 5.O-O Be7 6.Re1 b5 7.Bb3 d6 8.c3 O-O
9.h3 Bb7 10.d4 Re8 11.Nbd2 Bf8 12.a4 h6 13.d5 Ne7 14.Nh2 c6 15.dxc6 Bxc6
16.Ng4 Nxg4 17.hxg4 Ng6 18.Nf1 Nf4 19.g3 Ne6 20.Bd5 Qd7 21.Ne3 Nc5 22.axb5 axb5
23.Rxa8 Rxa8 24.Bxc6 Qxc6 25.Nd5 Ra1 26.b4 Na4 27.Qf3 Nb6 28.Nxb6 Qxb6 29.Kg2 Qc6
30.Qd3 Be7 31.Bd2 Rxe1 32.Bxe1 Bg5 33.Kf3 Kf8 34.Qd5 Qxd5 35.exd5 Ke7 36.Ke4 Kd7
37.f3 Kc7 38.Kd3 Kb7 39.Bf2 g6 40.Ke4 h5 41.gxh5 f5+ 42.Kd3 gxh5 43.Be3 Bf6
44.Bf2 Bg5 45.Be1 Bd8 46.Bd2 Bb6 47.Ke2 Bd8 48.Kf2 Bf6 49.Kg2 Kc7 50.Kh3 Kd7
51.g4 hxg4+ 52.fxg4 f4 53.Kg2 e4 54.Bxf4 Bxc3 55.Kf2 Bxb4 56.Ke3 Ke7 57.Kxe4 Kf6
58.Be3 Kg6  1/2-1/2

[Event "DJEM U18 w"]
[Site "Oberhof GER"]
[Date "2011.06.12"]
[Round "1.5"]
[White "Stitterich,N"]
[Black "Falke,C"]
[Result "1-0"]
[WhiteElo "2015"]
[BlackElo "1681"]

1.e4 e5 2.Nf3 Nc6 3.Bb5 a6 4.Ba4 Nf6 5.O-O b5 6.Bb3 Be7 7.Re1 O-O 8.h3 Bb7
9.c3 d6 10.d4 exd4 11.cxd4 Na5 12.Bc2 c5 13.Nbd2 Nc6 14.Nf1 c4 15.Ng3 Bc8
16.Qe2 h6 17.e5 dxe5 18.dxe5 Nd5 19.Qe4 g6 20.Bxh6 Re8 21.Rad1 Be6 22.h4 Ncb4
23.Bb1 Kh7 24.Bg5 Rg8 25.a3 Nc6 26.Rd2 Bxg5 27.Nxg5+ Kh6 28.Nxe6 fxe6 29.Qg4 Qe7
30.h5 g5 31.Rxd5  1-0

[Event "61st ch-RUS HL w"]
[Site "Taganrog RUS"]
[Date "2011.06.17"]
[Round "3"]
[White "Ambartsumova,K"]
[Black "Goryachkina,A"]
[Result "1-0"]
[WhiteElo "2303"]
[BlackElo "2103"]

1.e4 e5 2.Nf3 Nc6 3.Bb5 a6 4.Ba4 Nf6 5.O-O Be7 6.Re1 b5 7.Bb3 d6 8.c3 O-O
9.h3 Bb7 10.d4 Re8 11.Ng5 Rf8 12.Nf3 Re8 13.Nbd2 Bf8 14.d5 Nb8 15.Nf1 Nbd7
16.N3h2 Nc5 17.Bc2 c6 18.b4 Ncd7 19.dxc6 Bxc6 20.Ng4 Nxg4 21.hxg4 Nb6 22.Be3 Nc4
23.Qf3 Qc8 24.Ng3 g6 25.Bg5 Bd7 26.Nf5 gxf5 27.gxf5 f6 28.Bxf6 Qc7 29.Qg4+ Kf7
30.Bh4 Bc6 31.Bb3 Re7 32.f6 Rd7 33.Qh5+ Ke6 34.f7 Bxe4 35.Rxe4 Rxf7 36.Qg4+ Rf5
37.Rxc4 bxc4 38.Bxc4+ d5 39.Bxd5+ Kxd5 40.Qxf5 Re8 41.Qd3+ Ke6 42.Qxa6+ Kf7
43.Qd3  1-0

[Event "64th ch-RUS HL"]
[Site "Taganrog RUS"]
[Date "2011.06.26"]
[Round "11"]
[White "Mikhailov,Se1"]
[Black "Sitnikov,D"]
[Result "1/2-1/2"]
[WhiteElo "2399"]
[BlackElo "2463"]

1.e4 e5 2.Nf3 Nc6 3.Bb5 a6 4.Ba4 Nf6 5.O-O Be7 6.c3 O-O 7.Re1 b5 8.Bb3 d6
9.h3 Bb7 10.d3 Re8 11.Ng5 Rf8 12.Nf3 Re8 13.Ng5 Rf8 14.Nf3 Re8  1/2-1/2